A carregar...
RESEARCH METHODOLOGY
| Autor principal: | |
|---|---|
| Formato: | Printed Book |
| Publicado em: |
DELHI
NEW AGE INTERNATIONAL
|
| Assuntos: |
| LEADER | 00680nam a2200229 4500 | ||
|---|---|---|---|
| 020 | |a 9788122415223 |c 0.0 | ||
| 082 | |a 001.42 KOT,3 | ||
| 100 | |a KOTHARI C R | ||
| 245 | |a RESEARCH METHODOLOGY |h ENGLISH | ||
| 250 | |||
| 260 | |a DELHI |b NEW AGE INTERNATIONAL |c | ||
| 300 | |||
| 500 | |a | ||
| 501 | |a Research Methodology | ||
| 538 | |a KEY 5235 | ||
| 590 | |||
| 630 | |||
| 650 | |a RESEARCH METHODOLOGY | ||
| 700 | |||
| 942 | |c BK | ||
| 999 | |c 178708 |d 178708 | ||
| 952 | |0 0 |1 0 |4 0 |6 001_420000000000000_KOT3 |7 0 |9 192071 |a AGY |b AGY |d 2020-09-14 |g 0.00 |l 1 |o 001.42 KOT,3 |p AGY2917 |q 2020-09-14 |r 2020-09-14 |s 2020-09-14 |w 2019-10-25 |y BK | ||